Monitorování a analýza hospodářského cyklu

Prehľad zahraničných poznatkov o príčinách, typoch a charaktere priebehu hospodárskeho cyklu v posledných dekádach. Vybrané metodologické prístupy monitorovania hospodárskeho cyklu na úrovni EÚ a OECD. Charakteristické rysy fáz hospodárskeho cyklu. Príčiny a mechanizmy poklesu ekonomickej aktivity....

Descripción completa

Guardado en:
Detalles Bibliográficos
Autor principal: Czesaný, Slavoj
Formato: Capítulo de libro
Lenguaje:checo
Materias:
Etiquetas: Agregar Etiqueta
Sin Etiquetas, Sea el primero en etiquetar este registro!

MARC

LEADER 00000naa a2200000 4500
001 r044982
005 20231002112551.7
041 0 |a cze 
044 |a CZ 
245 1 0 |a Monitorování a analýza hospodářského cyklu  |c Slavoj Czesaný 
520 |a Prehľad zahraničných poznatkov o príčinách, typoch a charaktere priebehu hospodárskeho cyklu v posledných dekádach. Vybrané metodologické prístupy monitorovania hospodárskeho cyklu na úrovni EÚ a OECD. Charakteristické rysy fáz hospodárskeho cyklu. Príčiny a mechanizmy poklesu ekonomickej aktivity. Zdroje rastovej fázy hospodárskeho cyklu. Aktuálne trendy vývoja hospodárskeho cyklu na príklade USA. 
610 2 0 |a cykly hospodárske 
610 2 0 |a vývoj hospodársky 
610 2 0 |a Európska únia 
610 2 0 |a USA 
610 2 0 |a teórie rastu hospodárskeho 
610 2 0 |a politika hospodárska 
610 2 0 |a kríza banková 
610 2 0 |a kríza hospodárska 
100 1 |a Czesaný, Slavoj